Elaboración de un Prototipo de Sistemas de Gestión de Inventario, Facturación y Cobranza en la Distribuidora Codiart, S.A
Presenta un prototipo del Sistema de Información de inventario, facturación y cobranza para la distribuidora Codiart S. A. analiza el Sistema de negocios de la distribuidora para la correcta construcción del Sistema de Información basado en los requerimientos y limitaciones de la empresa. Aplica...
| Main Authors: | , |
|---|---|
| Other Authors: | |
| Format: | Tesis Section = Libro |
| Language: | Undetermined Spanish |
| Published: |
Managua
UNI
2009
|
| Subjects: |
| LEADER | 01491nam a2200253Ia 4500 | ||
|---|---|---|---|
| 008 | 240830s9999 xx 000 0 und d | ||
| 040 | |a BIBLIOTECA-RUPAP T.Mon 025.04 G643 | ||
| 041 | |a spa | ||
| 082 | |a T.Mon 025.04 G643 | ||
| 100 | 1 | |a González Parajón, Yuri Yasser | |
| 100 | 1 | |b Martínez Martínez, Luis Manuel | |
| 245 | 1 | 0 | |a Elaboración de un Prototipo de Sistemas de Gestión de Inventario, Facturación y Cobranza en la Distribuidora Codiart, S.A |
| 260 | |a Managua |b UNI |c 2009 | ||
| 300 | |a 162 p. :il. | ||
| 500 | |a Contiene: anexos e Incluye: CD. | ||
| 502 | |a Tesis (Ingeniero de Sistemas)- UNI, 2009. | ||
| 520 | 3 | |a Presenta un prototipo del Sistema de Información de inventario, facturación y cobranza para la distribuidora Codiart S. A. analiza el Sistema de negocios de la distribuidora para la correcta construcción del Sistema de Información basado en los requerimientos y limitaciones de la empresa. Aplica el lenguaje UML para modelar tanto la situación actual del negocio como sus mejoras significativas; describe diseño de base de datos que esté sujeta al proceso de normalización para que de esa manera sujeta al proceso de normalización. | |
| 650 | 7 | |a SISTEMA DE INFORMACION AUTOMATIZADA - INVENTARIO - FACTURACION | |
| 650 | 7 | |b ANALISIS Y DISEÑO DE SISTEMAS | |
| 650 | 7 | |c SISTEMA DE INFORMACIÓN - DISTRIBUIDORA CODIART S.A. | |
| 700 | 1 | |a Tutor: |b Espinoza Aragón; Evelyn del Carmen | |
| 942 | |c BK |2 ddc | ||
| 991 | |a TESIS | ||
| 999 | |c 18023 | ||